000 01173nam a22003257a 4500
003 CHAP
005 20240213062704.0
008 971013s1983 r 00010 d
010 _a32142
011 _a33114
035 _a37229
040 _cCHAP
090 _aTesis
100 0 0 _aMartínez Venegas, Jorge.
_972610
245 _aEstudio preliminar de fertilización foliar a pastos de temporal en explotación intensiva bajo condiciones de clima tropical húmedo
260 _aMonterrey, N.L. :
_bEl autor,
_c1983
300 _a80 h.
_b; apénd. ; tablas
502 _aTesis (Ing. Agrónomo en Producción Agropecuaria) -- ITESM. Div. de Ciencias Agropecuarias y Marítimas
590 _aALEPH
_b10
_c20130110
_lUCH01
_h1255
590 _aBATCH-UPD
_b10
_c20130110
_lUCH01
_h1519
590 _aBATCH-UPD
_b10
_c20130410
_lUCH01
_h0932
590 _aBATCH-UPD
_b10
_c20130914
_lUCH01
_h1134
590 _aCONVERSION
_b10
_c20130109
_lUCH01
_h1318
650 1 7 _aCynodon nlemfuensis
_2
_930799
650 1 4 _aFertilización foliar.
_940445
650 1 4 _aFertilizantes
_xEfecto en pastos.
_940536
901 _aBK
942 _cTESIS
949 _bBC
_cTES
_d-85321
_eTS1
_i37229
_si
999 _c32142
_d32142